000 00361 a2200157 4500
001 56621
020 _a8502032828
040 _cAnchieta - Pituba
100 _aBarbosa, Rogério Andrade
240 1 0 _aA carta do pirata francês
_lpor
245 1 0 _aA carta do pirata francês
300 _a64
362 0 _a2000
650 4 _aLiteratura juvenil
942 _cBK
999 _c56621
_d56621